Process systems analysis and control (Record no. 13575)

000 -LEADER
fixed length control field 00578nam a22002051 4500
001 - CONTROL NUMBER
control field 13575
003 - CONTROL NUMBER IDENTIFIER
control field BD-DhUET
008 - FIXED-LENGTH DATA ELEMENTS--GENERAL INFORMATION
fixed length control field 730306s1965 nyua b 000 0 eng
040 ## - CATALOGING SOURCE
Original cataloging agency DLC
Transcribing agency DLC
Modifying agency BD-DhUET
082 ## - DEWEY DECIMAL CLASSIFICATION NUMBER
Classification number 660.284
Item number COU/1965
100 1# - MAIN ENTRY--PERSONAL NAME
Personal name Coughanowr, Donald R.
245 10 - TITLE STATEMENT
Title Process systems analysis and control
250 ## - EDITION STATEMENT
Edition statement 1st ed.
260 ## - PUBLICATION, DISTRIBUTION, ETC. (IMPRINT)
Place of publication, distribution, etc. New York
Name of publisher, distributor, etc. McGraw-Hill
Date of publication, distribution, etc. 1965
300 ## - PHYSICAL DESCRIPTION
Extent xii, 491 p.
Other physical details ill.
Dimensions 21 cm.
490 ## - SERIES STATEMENT
Series statement McGraw-Hill chemical engineering series
650 #0 - SUBJECT ADDED ENTRY--TOPICAL TERM
Topical term or geographic name as entry element Control devices process engineering
700 ## - ADDED ENTRY--PERSONAL NAME
Personal name Koppel, Lowell B.
942 ## - ADDED ENTRY ELEMENTS (KOHA)
Koha item type General Book
Holdings
Koha date last borrowed Location (home branch) Koha date last seen Koha item type Koha full call number Koha issues (times borrowed) Not for loan Price effective from Lost status Shelving location Piece designation (barcode) Damaged status Sublocation or collection (holding branch) Copy number Koha normalized classification for sorting Date acquired Withdrawn status Source of classification or shelving scheme
 Central Library, BUET2015-03-03General Book660.284/COU/1965  2015-03-03 Circulation section29699 Central Library, BUET1660_284000000000000_COU_19652015-03-03  
2017-05-09Central Library, BUET2017-05-09General Book660.284/COU/19651 2015-03-03 Circulation section29689 Central Library, BUET2660_284000000000000_COU_19652015-03-03  
 Central Library, BUET2015-03-03General Book660.284/COU/1965  2015-03-03 Circulation section29697 Central Library, BUET3660_284000000000000_COU_19652015-03-03  
 Central Library, BUET2015-03-03General Book660.284/COU/1965  2015-03-03 Circulation section29692 Central Library, BUET4660_284000000000000_COU_19652015-03-03  
 Central Library, BUET2015-03-03General Book660.284/COU/1965  2015-03-03 Circulation section29698 Central Library, BUET5660_284000000000000_COU_19652015-03-03  
 Central Library, BUET2015-03-03General Book660.284/COU/1965  2015-03-03 Circulation section29690 Central Library, BUET6660_284000000000000_COU_19652015-03-03  
 Central Library, BUET2015-03-03General Book660.284/COU/1965  2015-03-03 Cataloging to Circulation29688 Central Library, BUET7660_284000000000000_COU_19652015-03-03  
 Central Library, BUET2015-03-04General Book660.284/COU/1965  2015-03-04 Circulation section34519 Central Library, BUET8660_284000000000000_COU_19652015-03-04  
 Central Library, BUET2015-05-11General Book660.284/COU/1965  2015-05-11 Circulation section29694 Central Library, BUET9660_284000000000000_COU_19652015-05-11  
 Central Library, BUET2015-05-11General Book660.284/COU/1965  2015-05-11 Circulation section29696 Central Library, BUET10660_284000000000000_COU_19652015-05-11  
 Central Library, BUET2015-05-13General Book660.284/COU/1965  2015-05-13 Circulation section29695 Central Library, BUET11660_284000000000000_COU_19652015-05-13  
 Central Library, BUET2015-05-14General Book660.284/COU/1965  2015-05-14 Circulation section17869 Central Library, BUET12660_284000000000000_COU_19652015-05-14  
 Central Library, BUET2015-05-18General Book660.284/COU/1965  2015-05-18 Circulation section15822 Central Library, BUET13660_284000000000000_COU_19652015-05-18  
 Central Library, BUET2015-06-20General Book660.284/COU/1965  2015-06-20 Reading section29700 Central Library, BUET14660_284000000000000_COU_19652015-06-20  
 Central Library, BUET2015-06-20General Book660.284/COU/1965  2015-06-20 Reading section29701 Central Library, BUET15660_284000000000000_COU_19652015-06-20  
 Central Library, BUET2015-07-10General Book660.284/COU/1965  2015-07-10 Circulation section16716 Central Library, BUET16660_284000000000000_COU_19652015-07-10